|
|
|
|
| LEADER |
00000nam0a2200000 4500 |
| 001 |
372476 |
| 005 |
20231102012459.0 |
| 010 |
|
|
|a 9785238017518
|
| 035 |
|
|
|a (RuTPU)RU\TPU\retro\29899
|
| 035 |
|
|
|a RU\TPU\book\180545
|
| 090 |
|
|
|a 372476
|
| 100 |
|
|
|a 20221215d2010 m y0rusy50 ca
|
| 101 |
0 |
|
|a rus
|
| 102 |
|
|
|a RU
|
| 105 |
|
|
|a a j 001zy
|
| 200 |
1 |
|
|a Экологическое право России
|e учебное пособие
|f Московский университет МВД России (МУ МВД) ; под ред. Н. В. Румянцева
|
| 205 |
|
|
|a 4-е изд., перераб. и доп.
|
| 210 |
|
|
|a Москва
|c ЮНИТИ-ДАНА
|d 2010
|
| 215 |
|
|
|a 431 с.
|c ил.
|
| 225 |
1 |
|
|a Dura lex, sed lex
|
| 320 |
|
|
|a Библиогр.: с. 429.
|
| 330 |
|
|
|a Рассмотрены понятие, сущность, предмет, метод, система и источники экологического права, теоретико-правовые и организационные основы, правовой и экономический механизмы, аспекты юридической ответственности и международного сотрудничества в сфере природопользования и охраны окружающей среды. Для студентов, аспирантов, преподавателей высших учебных заведений юридического профиля, практических работников природоохранительных органов, а также всех интересующихся проблемами эколого-правового регулирования.
|
| 451 |
|
1 |
|0 (RuTPU)RU\TPU\book\116305
|y 978-5-238-01304-6
|t Экологическое право России
|o учебное пособие
|f Московский университет МВД России ; под ред. Н. В. Румянцева
|e 3-е изд., перераб. и доп.
|c М.
|n Закон и право
|n ЮНИТИ-ДАНА
|d 2007
|p 368 с.
|
| 606 |
1 |
|
|a Экологическое право
|2 stltpush
|3 (RuTPU)RU\TPU\subj\26534
|9 50439
|
| 610 |
1 |
|
|a право
|
| 610 |
1 |
|
|a экология
|
| 610 |
1 |
|
|a экологические правоотношения
|
| 610 |
1 |
|
|a окружающая среда
|
| 610 |
1 |
|
|a природопользование
|
| 610 |
1 |
|
|a государственное управление
|
| 610 |
1 |
|
|a экологический контроль
|
| 610 |
1 |
|
|a нормирование
|
| 610 |
1 |
|
|a экологический мониторинг
|
| 610 |
1 |
|
|a экологическая экспертиза
|
| 610 |
1 |
|
|a экологическое лицензирование
|
| 610 |
1 |
|
|a экологический аудит
|
| 610 |
1 |
|
|a экологическое страхование
|
| 610 |
1 |
|
|a экологические преступления
|
| 610 |
1 |
|
|a экологические правонарушения
|
| 610 |
1 |
|
|a экологическая сертификация
|
| 686 |
|
|
|a Х625я73
|v LBC/SL-A
|2 rubbk
|
| 702 |
|
1 |
|a Румянцев
|b Н. В.
|g Николай Викторович
|4 340
|
| 712 |
0 |
2 |
|a Московский университет МВД России (МУ МВД)
|2 stltpush
|3 (RuTPU)RU\TPU\col\2402
|
| 801 |
|
1 |
|a RU
|b 63413507
|c 20091002
|
| 801 |
|
2 |
|a RU
|b 63413507
|c 20221215
|g RCR
|
| 900 |
|
|
|a Экологическое, водное и земельное право
|
| 900 |
|
|
|a Правовые основы природопользования и лицензирование
|
| 900 |
|
|
|a Экономика природных ресурсов
|
| 900 |
|
|
|a Экономика природопользования и природоохранной деятельности
|
| 900 |
|
|
|a Экологическое инспектирование и аудит
|
| 942 |
|
|
|c BK
|
| 952 |
|
|
|l 8
|
| 959 |
|
|
|a 101/20090930
|d 2
|e 300,00
|f АНЛ:1
|f ЧЗТЛ:1
|
| 959 |
|
|
|a 8/20100301
|d 10
|e 300,00
|f УФ:10
|